书目信息 |
| 题名: |
化工过程控制原理
|
|
| 作者: | 周春晖 主编 | |
| 分册: | ||
| 出版信息: | 北京 化学工业出版社 1980 |
|
| 页数: | 456页 | |
| 开本: | 25cm | |
| 丛书名: | ||
| 单 册: | ||
| 中图分类: | TQ021.8 | |
| 科图分类: | ||
| 主题词: | 化工过程-过程控制 , 过程控制-化工过程 | |
| 电子资源: | ||
| ISBN: | ||
| 000 | 00646nam0 2200241 45 | |
| 001 | 0180006150 | |
| 005 | 20060815101528.32 | |
| 010 | @dCNY2.95 | |
| 091 | @a15063.3207 | |
| 100 | @a19950416d1980 em y0chiy0121 ea | |
| 101 | 0 | @achi |
| 102 | @aCN@b110000 | |
| 105 | @ay z 000yy | |
| 200 | 10 | @a化工过程控制原理@Ahua gong guo cheng kong zhi yuan li@f周春晖主编 |
| 210 | @a北京@c化学工业出版社@d1980 | |
| 215 | @a456页@d25cm | |
| 606 | @a化工过程-过程控制 | |
| 606 | @a过程控制-化工过程 | |
| 690 | @aTQ021.8@v3 | |
| 701 | 0 | @a周春晖@Azhou chun hui@4主编 |
| 801 | 2 | @aCN@bNLC@c20060815 |
| 801 | 0 | @aCN@bTSSF |
| 905 | @a10447@dTQ021.8@e95 | |
| 化工过程控制原理/周春晖主编.-北京:化学工业出版社,1980 |
| 456页;25cm |
| ISBN :CNY2.95 |
| ● |
| 相关链接 |
|
|
|
|
正题名:化工过程控制原理
索取号:TQ021.8/95
 
预约/预借
| 序号 | 登录号 | 条形码 | 馆藏地/架位号 | 状态 | 备注 |
| 1 | 0458406 | 204584066 | 密集书库/ [索取号:TQ021.8/95] | 在馆 | |
| 2 | 0458407 | 204584075 | 密集书库/ [索取号:TQ021.8/95] | 在馆 |